000 01222nam a2200265 i 4500
001 179324
003 ES-MaACL
005 20230906220745.0
008 111102s2010 sp |||| | spa d
020 _a978-84-936113-2-3
080 _a1"19"(063)
111 2 _aJornadas de Hispanismo Filosófico (
_n8ª.
_d2007.
_cBarcelona)
_9148445
245 1 3 _aLa filosofía y las lenguas de la Península Ibérica
_b: actas de las VIII y IX Jornadas Internacionales de Hispanismo Filosófico, Barcelona, 2007, Santander, 2009 /
_cJosé Luis Mora García, Ramón Emilio Mandado Gutiérrez, Gemma Gordo Piñar... [et al.] (eds.).
260 _aMadrid :
_bFundación Ignacio Larramendi,
_c2010.
300 _a648 p. ;
_c24 cm.
504 _aReferencias bibliográficas.
650 7 _aFilosofía-
_yS.XX-
_vCongresos y asambleas.
_9148446
650 4 _aFilosofía-
_zEspaña-
_vCongresos y asambleas.
_9139496
700 1 _aMora García, José Luis.
_9139494
700 1 _aMandado Gutiérrez, Ramón Emilio.
_9148447
700 1 _aGordo Piñar, Gemma.
_9148448
710 2 _aFundación Ignacio Larramendi.
_94322
711 2 _aJornadas de Hispanismo Filosófico (
_n9ª.
_d2009.
_cSantander)
_9148449
852 _aES-MaACL
_jN-4691
999 _c179324
_d179324